header

The 2008 battle of Sadr City (Record no. 132902)

MARC details
000 -LEADER
fixed length control field 03895nam a2200505 a 4500
082 04 - DEWEY DECIMAL CLASSIFICATION NUMBER
Classification number 956.7044/342
100 1# - MAIN ENTRY--AUTHOR NAME
Personal name Johnson, David E.
245 14 - TITLE STATEMENT
Title The 2008 battle of Sadr City
260 ## - PUBLICATION, DISTRIBUTION, ETC. (IMPRINT)
Place of publication Santa Monica Calif. :
Name of publisher RAND,
Year of publication 2011.
300 ## - PHYSICAL DESCRIPTION
Number of Pages xiii, 21 p. :
Other physical details col. ill., col. maps.
490 1# - SERIES STATEMENT
Series statement Occasional paper (Rand Corporation) ;
500 ## - GENERAL NOTE
General note "Prepared for the United States Army."
General note "Rand Arroyo Center."
505 0# - FORMATTED CONTENTS NOTE
Formatted contents note The 2008 battle of Sadr City -- Background -- Methodology -- Setting conditions -- The area of operations -- Mission: stop the rockets and defeat criminal militias in Sadr City -- The ground fight in Sadr City: heavy armor matters -- The counter rocket fight -- Exploitation -- Key insights from the fight -- Reimagining urban operations as wide area security missions.
520 ## - SUMMARY, ETC.
Summary, etc "The 2008 Battle of Sadr City, which took place in Baghdad nearly 15 months after the beginning of the U.S. "surge" in Iraq, has received relatively little scholarly attention. However, the coalition's defeat of Jaish al-Mahdi after six weeks of high-intensity fighting offers important lessons for the U.S. Army as it prepares for future operations. Using after-action reports, briefings, other primary sources, and interviews with combatants and officials involved in the fighting and its aftermath, the authors describe the battle, analyze its outcome, and derive implications for the conduct of land operations. Their analysis identifies the following factors as critical to the coalition victory: supporting ground maneuver elements with integrated intelligence, surveillance, and reconnaissance capabilities and strike assets; the key roles played by heavy forces, snipers, and special operations forces; decentralized decisionmaking; capable indigenous security forces; and rapid transitions from phase to phase. The authors conclude that the Battle of Sadr City presents a new model for dealing with insurgent control of urban areas: treating an urban area as a wide-area security mission. Unlike previous urban operations against insurgents, in which cities were essentially besieged and then stormed, the objective in this battle was not to take and clear Sadr City but to create conditions that would make it both impossible for the insurgents to operate effectively and possible to restore security to the broader population."--P. [4] of cover.
650 #0 - SUBJECT ADDED ENTRY--TOPICAL TERM
Topical Term Sadr City, Battle of, Baghdad, Iraq, 2008.
Topical Term Iraq War, 2003-2011
Topical Term Iraq War, 2003-2011
Topical Term Counterinsurgency
700 1# - ADDED ENTRY--PERSONAL NAME
Personal name Markel, M. Wade.
Personal name Shannon, Brian.
856 40 - ELECTRONIC LOCATION AND ACCESS
Uniform Resource Identifier http://site.ebrary.com/lib/rucke/Doc?id=10535735

No items available.

© 2026 Rongo University
Contact us: librarian | system librarian | Rongo university